00939nam a22002777a 450000100040000000500170000402000280002104000230004905000260007208200120009810000170011024500740012725000340020126000350023530000400027049000190031050500090032952001470033852100200048552100200050565000190052565000290054465000240057365000220059770000420061997720250723113720.0 a0439784573 (alk. paper) aDLCcDLCbengdDLC00aPZ7.K678323bHal 200600a4642221 aKlein, Abby.10aHalloween fraidy cat /cby Abby Klein ; illustrated by John McKinley. aFirst printing, August 2006.  aNew York :bScholastic,c2006. a95 pages :billustrations ;c20 cm.1 aReady, Freddy! aN  aFreddy is apprehensive about the haunted house that Chloe plans to have at her Halloween party but tries to hide his fear from his classmates. a570 bLexile  aN bRaz-Plus  1aFearvFiction. 1aHaunted housesvFiction. 1aHalloweenvFiction. 1aPartiesvFiction.1 aMcKinley, John,d1956-eillustrator.